| 000 | 00386pab a2200133 454500 | ||
|---|---|---|---|
| 008 | 180718b1984 xxu||||| |||| 00| 0 eng d | ||
| 100 | _aSahni, Balbir S. | ||
| 245 | _aOn the causal directions between national income and government expenditure in Canada | ||
| 260 | _c1984 | ||
| 300 | _a359-93 | ||
| 650 | _aExpenditures, Government - Canada | ||
| 773 | _aPublic Finance | ||
| 909 | _a7944 | ||
| 999 |
_c7944 _d7944 |
||